Sức bền vật liệu /

Na minha lista:
Detalhes bibliográficos
Autor principal: Đặng Đăng Miễn
Outros Autores: Nguyễn Văn Nhậm (Tác giả)
Formato: Livro
Idioma:Vietnamese
Publicado em: H. : Đại học và trung học chuyên nghiệp , 1981
Edição:In lần thứ 1
Assuntos:
Tags: Adicionar Tag
Sem tags, seja o primeiro a adicionar uma tag!
Thư viện lưu trữ: Thư viện Trường CĐ Kỹ Thuật Cao Thắng
LEADER 00997nam a2200277 a 4500
001 TVCDKTCT677
003 Thư viện trường Cao đẳng Kỹ thuật Cao Thắng
005 20221020135026.000
008 050803
980 \ \ |a Thư viện Trường CĐ Kỹ Thuật Cao Thắng 
024 |a RG_1 #1 eb0 i1 
041 0 # |a vie 
082 # # |a 620.112 /   |b NG527NH-s 
100 1 # |a Đặng Đăng Miễn 
245 0 0 |a Sức bền vật liệu /   |c Đặng Đăng Miễn, Nguyễn Văn Nhậm 
250 # # |a In lần thứ 1 
260 # # |a H. :   |b Đại học và trung học chuyên nghiệp ,   |c 1981 
300 # # |a 343tr. ;   |c 20,5cm 
650 # 4 |a Bài tập 
650 # 4 |a Sức bền vật liệu 
653 # # |a Strength of Materials 
653 # 4 |a Mechanical Engineering Technology 
700 0 # |a Nguyễn Văn Nhậm,   |e Tác giả 
721 # # |a 03. CNKT Cơ khí 
721 # # |a 04. CNKT Ô tô 
841 # # |b Kho Sách   |j 100001152, 100020817